000 00631nam a2200265Ia 4500
008 210210b2013 xxu||||| |||| 00| 0 eng d
020 _a0198084943
041 _aeng
082 _a320.954 VANP
100 _aVANAIK (Achin)
245 _aPolitical science Vol 1: the Indian state
260 _aND
_bOxford University Press
_c2013
300 _axxxix,175
440 _aI
650 _aVol
650 _athe
650 _astate
650 _ascience:
650 _aPolitical
650 _aIndian
650 _aI
690 _aPolitical Situation & Condition
700 _aDAS (Samir Kumar) Ed
906 _a067706
999 _c150871
_d150871